Langford's basic photography : (Record no. 2674)
[ view plain ]
| 000 -LEADER | |
|---|---|
| fixed length control field | 02427cam a22004098i 4500 |
| 001 - CONTROL NUMBER | |
| control field | 23754278 |
| 003 - CONTROL NUMBER IDENTIFIER | |
| control field | OSt |
| 005 - DATE AND TIME OF LATEST TRANSACTION | |
| control field | 20260513145916.0 |
| 008 - FIXED-LENGTH DATA ELEMENTS--GENERAL INFORMATION | |
| fixed length control field | 240627s2025 nyu b 001 0 eng |
| 010 ## - LIBRARY OF CONGRESS CONTROL NUMBER | |
| LC control number | 2024029570 |
| 020 ## - INTERNATIONAL STANDARD BOOK NUMBER | |
| International Standard Book Number | 9781032397580 |
| Qualifying information | (pbk) |
| 035 ## - SYSTEM CONTROL NUMBER | |
| System control number | 23754278 |
| 040 ## - CATALOGING SOURCE | |
| Original cataloging agency | DLC |
| Language of cataloging | eng |
| Description conventions | rda |
| Transcribing agency | DLC |
| Modifying agency | DLC |
| -- | MILA_ain |
| 042 ## - AUTHENTICATION CODE | |
| Authentication code | pcc |
| 050 00 - LIBRARY OF CONGRESS CALL NUMBER | |
| Classification number | TR145 |
| Item number | .L32 2025 |
| 100 1# - MAIN ENTRY--PERSONAL NAME | |
| Personal name | Langford, Michael, |
| Dates associated with a name | 1933- |
| Relator term | author. |
| 240 10 - UNIFORM TITLE | |
| Uniform title | Basic photography |
| 245 10 - TITLE STATEMENT | |
| Title | Langford's basic photography : |
| Remainder of title | the guide for serious photographers / |
| Statement of responsibility, etc. | Michael Langford, Anna Fox, Richard Sawdon Smith and Andrew Bruce. |
| 246 30 - VARYING FORM OF TITLE | |
| Title proper/short title | Basic photography |
| 250 ## - EDITION STATEMENT | |
| Edition statement | Eleventh edition. |
| 263 ## - PROJECTED PUBLICATION DATE | |
| Projected publication date | 2411 |
| 264 #1 - PRODUCTION, PUBLICATION, DISTRIBUTION, MANUFACTURE, AND COPYRIGHT NOTICE | |
| Place of production, publication, distribution, manufacture | New York, NY : |
| Name of producer, publisher, distributor, manufacturer | Routledge, |
| Date of production, publication, distribution, manufacture, or copyright notice | 2025. |
| 300 ## - PHYSICAL DESCRIPTION | |
| Extent | pages cm |
| 336 ## - CONTENT TYPE | |
| Content type term | text |
| Content type code | txt |
| Source | rdacontent |
| 337 ## - MEDIA TYPE | |
| Media type term | unmediated |
| Media type code | n |
| Source | rdamedia |
| 338 ## - CARRIER TYPE | |
| Carrier type term | volume |
| Carrier type code | nc |
| Source | rdacarrier |
| 504 ## - BIBLIOGRAPHY, ETC. NOTE | |
| Bibliography, etc. note | Includes bibliographical references and index. |
| 520 ## - SUMMARY, ETC. | |
| Summary, etc. | "This seminal photography text, now in its 11th edition, has been revamped, reorganized, and modernized to include the most up-to-date and need to know information for photographers. Introducing all the key concepts and fundamentals of photography, this book is a must have for any photographer's bookcase. Providing examples and practical information throughout to allow photographers to apply concepts to their own work, the text explains the fundamentals of photography in an accessible way. Fully updated to reflect the dynamic changes in the industry, this 11th edition includes expanded and updated content focusing on advances in camera technology and digital lighting, connecting with the global photography industry and professional networks through social media, updated images throughout, and a new chapter on new digital outputs. Ideal as a foundational text for students of photography as well as a key reference for professionals"-- |
| Assigning source | Provided by publisher. |
| 650 #0 - SUBJECT ADDED ENTRY--TOPICAL TERM | |
| Topical term or geographic name entry element | Photography. |
| 700 1# - ADDED ENTRY--PERSONAL NAME | |
| Personal name | Fox, Anna, |
| Relator term | author. |
| 700 1# - ADDED ENTRY--PERSONAL NAME | |
| Personal name | Smith, Richard Sawdon, |
| Relator term | author. |
| 700 1# - ADDED ENTRY--PERSONAL NAME | |
| Personal name | Bruce, Andrew |
| Titles and other words associated with a name | (Photographer), |
| Relator term | author. |
| 776 08 - ADDITIONAL PHYSICAL FORM ENTRY | |
| Relationship information | Online version: |
| Main entry heading | Langford, Michael, 1933- |
| Title | Langford's basic photography. |
| Edition | Eleventh edition |
| Place, publisher, and date of publication | New York, NY : Routledge, 2025 |
| International Standard Book Number | 9781003351245 |
| Record control number | (DLC) 2024029571 |
| 906 ## - LOCAL DATA ELEMENT F, LDF (RLIN) | |
| a | 7 |
| b | cbc |
| c | orignew |
| d | 1 |
| e | ecip |
| f | 20 |
| g | y-gencatlg |
| 942 ## - ADDED ENTRY ELEMENTS (KOHA) | |
| Source of classification or shelving scheme | Library of Congress Classification |
| Koha item type | Book |
| Withdrawn status | Lost status | Source of classification or shelving scheme | Damaged status | Not for loan | Home library | Current library | Shelving location | Date acquired | Source of acquisition | Cost, normal purchase price | Total Checkouts | Full call number | Barcode | Date last seen | Cost, replacement price | Price effective from | Koha item type |
|---|---|---|---|---|---|---|---|---|---|---|---|---|---|---|---|---|---|
| Library of Congress Classification | MILA University Central Library | MILA University Central Library | General Stacks | 13/05/2026 | Emo Book Services Sdn Bhd | 218.62 | TR145 .L32 2025 | 0003629 | 13/05/2026 | 218.62 | 13/05/2026 | Book |
